Россия и международные кризисы. Середина XX века

Podrobná bibliografie
Hlavní autor: Фурсенко А. А. Александр Александрович
Korporativní autor: Российская академия наук (РАН) Санкт-Петербургский институт истории (СПбИИ)
Shrnutí:В работе исследуется политика России в годы "холодной войны". Вводная глава посвящена последнему периоду нахождения у власти И. В. Сталина. Основная же часть книги рассматривает внешнюю политику СССР в постсталинский период. В ней анализируются возникновение и урегулирование трех крупнейших внешнеполитических кризисов - Суэцкого, Берлинского и Кубинского. Книга основана на архивных материалах партийных и советских государственных учреждений, в том числе Президиума и Секретариата ЦК КПСС, Министерства иностранных дел, на документах разведки: Первого Главного управления КГБ, Главного разведывательного управления Генштаба и Центрального архива ФСБ. Для историков-специалистов и широкого круга читателей, интересующихся международными отношениями и советской внешней политикой.
Jazyk:ruština
Vydáno: Москва, Наука, 2006
Témata:
Médium: MixedMaterials Kniha
KOHA link:https://koha.lib.tpu.ru/cgi-bin/koha/opac-detail.pl?biblionumber=107110

MARC

LEADER 00000nam0a2200000 4500
001 107110
005 20231101214718.0
010 |a 502008803X 
035 |a (RuTPU)RU\TPU\book\115651 
090 |a 107110 
100 |a 20061219d2006 km y0rusy50 ca 
101 0 |a rus 
102 |a RU 
105 |a ac z 001zd 
200 1 |a Россия и международные кризисы. Середина XX века  |f А. А. Фурсенко 
210 |a Москва  |c Наука  |d 2006 
215 |a 547 с.  |c ил. 
320 |a Библиогр.: с. 528-533. 
320 |a Указатель имен: с. 534-543. 
330 |a В работе исследуется политика России в годы "холодной войны". Вводная глава посвящена последнему периоду нахождения у власти И. В. Сталина. Основная же часть книги рассматривает внешнюю политику СССР в постсталинский период. В ней анализируются возникновение и урегулирование трех крупнейших внешнеполитических кризисов - Суэцкого, Берлинского и Кубинского. Книга основана на архивных материалах партийных и советских государственных учреждений, в том числе Президиума и Секретариата ЦК КПСС, Министерства иностранных дел, на документах разведки: Первого Главного управления КГБ, Главного разведывательного управления Генштаба и Центрального архива ФСБ. Для историков-специалистов и широкого круга читателей, интересующихся международными отношениями и советской внешней политикой. 
600 1 |a Сталин  |g Иосиф Виссарионович  |b И. В.  |f 1878-1953  |c российский политический и государственный деятель  |c Генеральный секретарь ЦК КПСС  |c настоящая фамилия Джугашвилли  |c псевдоним Коба  |2 stltpush  |3 (RuTPU)RU\TPU\pers\1058 
600 1 |a Хрущев  |g Никита Сергеевич  |b Н. С.  |f 1894-1971  |c российский политический и государственный деятель  |c в 1953-64 1-й секретарь ЦК КПСС  |2 stltpush  |3 (RuTPU)RU\TPU\pers\395 
600 1 |a Голль  |g Шарль  |c французский государственный деятель  |f 1890-1970  |b Ш. де  |c президент Франции  |2 stltpush  |3 (RuTPU)RU\TPU\pers\875 
600 1 |a Кастро Рус  |b Ф.  |c 1-й секретарь ЦК КП Кубы  |f 1926-  |g Фидель  |2 stltpush  |3 (RuTPU)RU\TPU\pers\7190  |9 1341 
606 1 |a Внешняя политика  |x Международные отношения  |y Россия  |2 stltpush  |3 (RuTPU)RU\TPU\subj\68528  |9 83773 
610 1 |a политика 
610 1 |a политическая история 
610 1 |a международные отношения 
610 1 |a международные кризисы 
610 1 |a Суэцкий кризис 
610 1 |a кубинский кризис 
610 1 |a дипломатия 
610 1 |a берлинский кризис 
610 1 |a иракская революция 
610 1 |a 20 век 
686 |a Ф4(2)г  |v LBC/SL-A  |2 rubbk 
686 |a Ф4(0)  |v LBC/SL-A  |2 rubbk 
700 1 |a Фурсенко  |b А. А.  |g Александр Александрович 
712 0 2 |a Российская академия наук (РАН)  |b Санкт-Петербургский институт истории (СПбИИ)  |2 stltpush  |3 (RuTPU)RU\TPU\col\1914 
801 1 |a RU  |b 63413507  |c 20061219  |g PSBO 
801 2 |a RU  |b 63413507  |c 20140327  |g PSBO 
942 |c BK